LEADER 01156cam2 22003013 450 001 SOB005804 005 20220705080021.0 010 $a3772818684 100 $a20040211d2001 |||||ita|0103 ba 101 $ager 102 $aDE 200 1 $aWerke 7: Erster Entwurf eines Systems$aDer Naturphilosophie (1799)$fFriedrich Wilhelm Joseph Schelling$ghrsg. von Wilhelm G. Jacobs$gund Paul Ziche 210 $aStuttgart$cfrommann-holzboog$d2001 215 $aVIII, 540 p.$d25 cm 461 1$1001E600200055108$12000 $aReihe I : Werke 700 1$aSchelling$b, Friedrich Wilhelm Joseph : von$3A600200062986$4070$0151913 702 1$aJACOBS, Wilhelm$3AF00017584$4070 702 1$aZICHE, Paul$3AF00017585$4070 801 0$aIT$bUNISOB$c20220705$gRICA 850 $aUNISOB 852 $aUNISOB$j100|Coll|55|K$m105543 912 $aSOB005804 940 $aM 102 Monografia moderna SBN 941 $aM 957 $a100|Coll|55|K$b000001$i-7$gSi$d105543$racquisto$1beth$2UNISOB$3UNISOB$420091019104557.0$520220705080006.0$6Alfano 996 $aDer Naturphilosophie (1799)$91677894 996 $aWerke 7: Erster Entwurf eines Systems$91677893 997 $aUNISOB